Smart oxygen pressure detector (Record no. 13627)

000 -LEADER
fixed length control field 00491nam a22001577a 4500
082 ## - DEWEY DECIMAL CLASSIFICATION NUMBER
Classification number BEE-4 ALI
100 ## - MAIN ENTRY--PERSONAL NAME
Personal name Hassan Ali Khan
9 (RLIN) 93576
245 ## - TITLE STATEMENT
Title Smart oxygen pressure detector
260 ## - PUBLICATION, DISTRIBUTION, ETC.
Place of publication, distribution, etc. Islamabad
Name of publisher, distributor, etc. NUST-SEECS
Date of publication, distribution, etc. 2016
300 ## - PHYSICAL DESCRIPTION
Extent 54p.
Other physical details 27cm.
Accompanying material CD ROM Include
500 ## - GENERAL NOTE
General note Supervisors:Dr. Salman Abdul Ghafoor, Mr. Farooq Ahmad Tahir
563 ## - BINDING INFORMATION
Binding note HB
700 ## - ADDED ENTRY--PERSONAL NAME
Personal name Muhammad Mudassar Fayyaz
9 (RLIN) 93577
856 ## - ELECTRONIC LOCATION AND ACCESS
Uniform Resource Identifier <a href="http://10.250.8.41:8080/xmlui/handle/123456789/9712">http://10.250.8.41:8080/xmlui/handle/123456789/9712</a>
942 ## - ADDED ENTRY ELEMENTS (KOHA)
Koha item type Project Report
Source of classification or shelving scheme
Holdings
Withdrawn status Lost status Source of classification or shelving scheme Damaged status Not for loan Permanent Location Current Location Shelving location Date acquired Source of acquisition Full call number Barcode Date last seen Price effective from Koha item type
WITHDRAWN         Central Library (CL) Central Library (CL) General Stacks 07/25/2016 NUST-SEECS BEE-4 ALI SEECSP01866 07/25/2016 07/25/2016 Project Report
© 2023 Central Library, National University of Sciences and Technology. All Rights Reserved.